000 00342nam a2200133Ia 4500
003 GCL
008 140319s9999 xx 000 0 ara d
040 _aGCL /
_cGCL
082 0 4 _aط
_b813.088
_bا ق
245 1 0 _aاصحاب السبت
260 _a[S.N] :
_bدار الشروق ،
_c1993
300 _a16 ص
490 _aقصص القران
_v0
999 _c58063
_d58063